00444 2200157 4500001002100000005001500021008004100036035001900077041000700096082000800103090000800111100002000119245009400139260003800233300001500271INLIS00000000001116720241224114130241224||||||||| | ||| |||| || |  0010-1224011167 aid0 a796 a7960 aDrs.M.Jani Ladi00aProgram ko-kulikuler pengarahan program dan ceramah umum muatan teknis substantif lembaga bLembaga Administrasi Negarac2006 a15hlm;21cm